000 01133nam a2200289 i 4500
003 DO-SdBNP
005 20250819113559.0
007 ta
008 250819t2025 dr a b 000 0 spa d
020 _z9789945292176
040 _aDO-SdBNP
_bspa
_cBNPHU
_erda
041 _aspa
082 _axxxx
_bN322
_222
100 1 _aNavarro Galicia, Maritza
_eautora
_4aut.
_934446
245 1 0 _aCristinita y Tucusito /
_cMaritza Navarro Galicia
250 _aPrimera edición
264 4 _aSanto Domingo :
_b[editora no identificada],
_c©2025.
300 _a7 páginas
_bilustraciones
_c23 cm.
336 _atexto
_btxt
_2rdacontent
337 _asin mediación
_bn
_2rdamedia
338 _avolumen
_bnc
_2rdacarrier
500 _aTodo tiene su tiempo, y todo lo que se quiere debajo del cielo tiene su hora. Eclesiastés: 3:1 (RVR1960)
520 _aEn un marco divertido, Cristinita muestra la diversidad de emociones que experimenta. Desde su descontento por no poder hacer lo que quiere, hasta la exaltación al observar el sinigual vuelo de un picaflor
590 _aInventariado, 2025/ YL
910 _aYLockward
942 _2ddc
_cLF2
999 _c59795
_d59795